000 nam a22 a 4500
999 _c13527
_d13527
003 BLK
005 20230411154904.0
008 180412b bul|||||r ||||||| ||bul||
010 _aKNG00015179000
020 _a954-411-040-2
040 _aBLK
041 _aBUL
_cBUL
072 7 _2bullib
_aК
_xКраезнание
072 7 _2bullib
_aРА
_xРусенски автори
080 _aБългарска литература
_b821.163.2
_x-84
_z821.163.2-84
080 _aБългарска литература
_b821.163.2
_x-4
_z821.163.2-4
100 1 _aФилипов, Михаил
_eпърви автор
_9258439
139 _aФилипов, Михаил
_bФ 50
245 1 0 _aОтрова срещу двойника ни в нас
_bАфоризми и фрагменти
_cМихаил Филипов.
257 _aBGR
260 _aСофия
_bФакел
_c1996
300 _a107 с.
_c20 см
380 _aX
500 _aОфс. изд.
653 _aафоризми
653 _aфрагменти
659 _aК
852 _aЦб 190995
852 _aК 821.163.2/Ф 50 М
856 4 _qpdf
_u
_i0.00
_ldisable
856 4 _qpdf
_u
_i0.00
_ldisable
942 _cKNG
_n0
_s1
944 _aCR
_c15.01.2003
_lф /
_kПенка_Димитрова
944 _aED
_c13.11.2014
_lф /
_kЛюдмила_Стоянова
999 _d13527
999 _d13527